Textbook of DMLT1'year (HINDI) (Record no. 6337)

MARC details
000 -LEADER
fixed length control field 00423nam a22001817a 4500
005 - DATE AND TIME OF LATEST TRANSACTION
control field 20200520140544.0
008 - FIXED-LENGTH DATA ELEMENTS--GENERAL INFORMATION
fixed length control field 200520b xxu||||| |||| 00| 0 eng d
020 ## - INTERNATIONAL STANDARD BOOK NUMBER
ISBN 9789374736388
041 ## - LANGUAGE CODE
Language code of text/sound track or separate title eng
082 ## - DEWEY DECIMAL CLASSIFICATION NUMBER
Classification number 610 ADE
100 ## - MAIN ENTRY--AUTHOR NAME
Personal name ADEUNE
245 ## - TITLE STATEMENT
Title Textbook of DMLT1'year (HINDI)
250 ## - EDITION STATEMENT
Edition statement 2'nd
260 ## - PUBLICATION, DISTRIBUTION, ETC. (IMPRINT)
Place of publication Delhi
Name of publisher AITBS PUBLISHERS
Year of publication 2018
300 ## - PHYSICAL DESCRIPTION
Number of Pages 7.55
650 ## - SUBJECT ADDED ENTRY--TOPICAL TERM
Topical Term Pharmacy
942 ## - ADDED ENTRY ELEMENTS (KOHA)
Koha item type Books
Holdings
Lost status Damaged status Collection code Home library Current library Shelving location Date acquired Source of acquisition Cost, normal purchase price Full call number Accession Number Koha item type
    Bachelor of Medical Laboratory Technology JRU Library JRU Library SHELF-106-F 01/06/2020 PURCHASE 599.00 610 ADE 24133 Books